000 00351nam a2200133Ia 4500
003 GCL
008 140319s9999 xx 000 0 ara d
040 _aGCL /
_cGCL
082 0 4 _a808.84
_bع ى
100 1 _aعلى امين
245 1 0 _aيا رب /
_cعلى امين
300 _a238 ص
490 _aالهيئة العامة للاستعلامات
_v0
999 _c48253
_d48253